[Event "93rd ARG-ch 2018"]
[Site "Laprida"]
[Date "2018.07.27"]
[Round "10"]
[White "Benedetti, Julio"]
[Black "Pichot, Alan"]
[Result "0-1"]
[WhiteElo "2364"]
[BlackElo "2564"]
[Annotator "ChessBase"]
[PlyCount "80"]
[EventDate "2018.07.17"]
[EventType "tourn"]
[EventCountry "ARG"]
[SourceTitle "playchess.com"]
[Source "ChessBase"]
[SourceQuality "1"]
[TimeControl "40/5400+30:1800+30"]

1. e4 c5 2. Nf3 e6 3. d4 cxd4 4. Nxd4 a6 5. Bd3 g6 6. Nc3 Bg7 7. Be3 Nc6 8. Nxc6 bxc6 9. O-O Rb8 10. Na4 Ne7 11. Ba7 Rb7 12. Bc5 d6 13. Bxa6 dxc5 14. Bxb7 Bxb7 15. Qxd8+ Kxd8 16. Nxc5 Kc7 17. Rfd1 Bc8 18. c3 Ng8 19. Rd3 Bf8 20. Nb3 e5 21. Nd2 Nf6 22. b4 Ba6 23. Rf3 Be7 24. a4 Rd8 25. Nb3 Bd3 26. Nc5 Bc4 27. h3 Bxc5 28. Rxf6 Be7 29. Rf3 Kb6 30. g3 Rd2 31. h4 h6 32. Re3 g5 33. hxg5 Bxg5 34. Rf3 f6 35. Re1 Be2 36. Rf5 Bg4 37. f4 exf4 38. a5+ Ka6 39. b5+ cxb5 40. Rd5 fxg3 0-1

[Event "93rd ARG-ch 2018"]
[Site "Laprida"]
[Date "2018.07.27"]
[Round "10"]
[White "Gomez, Carlos David"]
[Black "Perez Ponsa, Federico"]
[Result "0-1"]
[WhiteElo "2356"]
[BlackElo "2547"]
[Annotator "ChessBase"]
[PlyCount "124"]
[EventDate "2018.07.17"]
[EventType "tourn"]
[EventCountry "ARG"]
[SourceTitle "playchess.com"]
[Source "ChessBase"]
[SourceQuality "1"]
[TimeControl "40/5400+30:1800+30"]

1. e4 c5 2. c3 Nf6 3. e5 Nd5 4. d4 cxd4 5. Nf3 d6 6. Bc4 e6 7. cxd4 Be7 8. O-O O-O 9. Qe2 b6 10. Nbd2 Bb7 11. Ne4 dxe5 12. dxe5 Nd7 13. b3 Nc5 14. Nxc5 bxc5 15. Qe4 Qd7 16. Bg5 Nb6 17. Qd3 Qc7 18. Bxe7 Qxe7 19. Ba6 Rad8 20. Qe2 Bxf3 21. Qxf3 Rd5 22. Qe3 Rfd8 23. Rac1 g6 24. a4 Rd4 25. Qc3 R8d5 26. f4 Rd2 27. Rc2 Rxc2 28. Qxc2 Rd4 29. g3 Nd5 30. Qf2 Qd8 31. Rc1 Nb4 32. Bf1 Qb6 33. Bc4 Nc6 34. Qc2 Nb4 35. Qe2 Qd8 36. Qf2 Kg7 37. Bf1 Rd2 38. Qxc5 Nd3 39. Bxd3 Qxd3 40. Rf1 h5 41. Rf2 Rd1+ 42. Kg2 Qe4+ 43. Kh3 Qf5+ 44. Kg2 h4 45. Re2 Qb1 46. Qxa7 hxg3 47. hxg3 Qxb3 48. Qe3 Rd3 49. Qf2 Qxa4 50. Kh2 Rd8 51. Qe3 Qd1 52. Kg2 Rd3 53. Qe4 Qb3 54. g4 Rg3+ 55. Kf2 Rxg4 56. Qf3 Qb6+ 57. Re3 Qb2+ 58. Kf1 Qc1+ 59. Kf2 Qg1+ 60. Ke2 Rg2+ 61. Kd3 Qb1+ 62. Kd4 Qb4+ 0-1

[Event "93rd ARG-ch 2018"]
[Site "Laprida"]
[Date "2018.07.27"]
[Round "10"]
[White "Lujan, Carolina"]
[Black "Lorenzini, Martin"]
[Result "1-0"]
[WhiteElo "2329"]
[BlackElo "2423"]
[Annotator "TA"]
[PlyCount "35"]
[EventDate "2018.07.17"]
[EventType "tourn"]
[EventCountry "ARG"]
[SourceTitle "playchess.com"]
[Source "ChessBase"]
[SourceQuality "1"]

{[%evp 25,35,138,132,124,126,123,122,120,134,125,429,428]} 1. e4 d5 2. exd5 Qxd5 3. Nc3 Qa5 4. d4 Nf6 5. Bc4 Bf5 6. Bd2 c6 7. Qe2 e6 8. d5 cxd5 9. Nxd5 Qd8 10. Nxf6+ {B01: Skandinavische Verteidigung} Qxf6 11. O-O-O Ba3 12. c3 Be7 13. g4 {[%cal Bg2g4,Bg4g5][%mdl 32]} Bg6 {LiveBook: 3 Partien} 14. h4 $1 {[%cal Bh2h4,Bh4h5][%mdl 32]} h6 15. h5 Bh7 {[#]} 16. f4 $1 Nc6 {[#]} 17. Nf3 $1 O-O $146 {[%mdl 8192]} (17... Rd8 $16) ({Vorgänger:} 17... Bd6) 18. g5 1-0

[Event "93rd ARG-ch 2018"]
[Site "Laprida"]
[Date "2018.07.28"]
[Round "11"]
[White "Pichot, Alan"]
[Black "Gomez, Carlos David"]
[Result "1-0"]
[WhiteElo "2564"]
[BlackElo "2356"]
[Annotator "ChessBase"]
[PlyCount "71"]
[EventDate "2018.07.17"]
[EventType "tourn"]
[EventCountry "ARG"]
[SourceTitle "playchess.com"]
[Source "ChessBase"]
[SourceQuality "1"]
[TimeControl "40/5400+30:1800+30"]

1. e4 c5 2. Nf3 Nc6 3. d4 cxd4 4. Nxd4 e5 5. Nb5 d6 6. N1c3 a6 7. Na3 b5 8. Nd5 Be7 9. c4 b4 10. Nc2 Nf6 11. Nxf6+ Bxf6 12. Nxb4 Nxb4 13. Qa4+ Qd7 14. Qxb4 Bb7 15. Bd3 Be7 16. Qc3 f5 17. exf5 Bf6 18. O-O e4 19. Qe1 Qxf5 20. Qb4 Qd7 21. Re1 Be7 22. Bxe4 Bxe4 23. Rxe4 O-O 24. Be3 Bf6 25. Rd1 Rab8 26. Qxd6 Qxd6 27. Rxd6 Rxb2 28. g3 Rxa2 29. c5 a5 30. Ra6 Bc3 31. Kf1 Bd2 32. Bd4 Ra4 33. Ra7 Bh6 34. Rd7 Ra2 35. Ree7 Kh8 36. c6 1-0

[Event "93rd ARG-ch 2018"]
[Site "Laprida"]
[Date "2018.07.28"]
[Round "11"]
[White "Perez Ponsa, Federico"]
[Black "Pierrot, Facundo"]
[Result "1/2-1/2"]
[WhiteElo "2547"]
[BlackElo "2389"]
[Annotator "ChessBase"]
[PlyCount "51"]
[EventDate "2018.07.17"]
[EventType "tourn"]
[EventCountry "ARG"]
[SourceTitle "playchess.com"]
[Source "ChessBase"]
[SourceQuality "1"]
[TimeControl "40/5400+30:1800+30"]

1. e4 e5 2. Bc4 Nf6 3. d3 c6 4. Nf3 d5 5. Bb3 Bd6 6. exd5 cxd5 7. Nc3 d4 8. Ne2 Nbd7 9. O-O h6 10. Ng3 O-O 11. Re1 Re8 12. c3 dxc3 13. bxc3 Nc5 14. Bc2 Bd7 15. d4 exd4 16. cxd4 Rxe1+ 17. Qxe1 Ne6 18. Bb3 Nf8 19. Ne5 Be6 20. Rb1 Qc7 21. Bb2 Re8 22. Qd1 Bxb3 23. Qxb3 Ne6 24. Qa4 Rd8 25. Re1 Qb6 26. Qb3 1/2-1/2

[Event "93rd ARG-ch 2018"]
[Site "Laprida"]
[Date "2018.07.28"]
[Round "11"]
[White "Real De Azua, Ernesto"]
[Black "Lujan, Carolina"]
[Result "1/2-1/2"]
[WhiteElo "2496"]
[BlackElo "2329"]
[Annotator "TA"]
[PlyCount "38"]
[EventDate "2018.07.17"]
[EventType "tourn"]
[EventCountry "ARG"]
[SourceTitle "playchess.com"]
[Source "ChessBase"]
[SourceQuality "1"]

{[%evp 16,18,0,-13,18]} 1. d4 Nf6 2. Nf3 g6 3. Bf4 Bg7 4. e3 d6 5. h3 O-O 6. Be2 b6 7. O-O Bb7 8. c3 Nbd7 {A48: 1 d4 Nf6 2 Nf3 g6: Torre, London and Colle Systems} 9. Bh2 {LiveBook: 42 Games} c5 (9... Qe8 10. a4 a6 11. Nbd2 e5 12. b4 Qe7 13. Qb3 a5 14. b5 Kh8 15. Rac1 Rae8 16. Ne1 {1-0 (46) Eljanov,P (2700)-Firouzja,A (2572) Sharjah 2018}) {Predecessor:} 10. a4 $146 a6 11. Nbd2 Qc7 12. Bd3 Rfd8 13. Qe2 e5 14. dxe5 dxe5 15. Nc4 Re8 16. Rfd1 b5 17. axb5 axb5 18. Rxa8 Bxa8 19. Na3 c4 {½-½ (87) Perez Ponsa,F (2585)-Pichot,A (2544) Doha 2016} 1/2-1/2

[Event "93rd ARG-ch 2018"]
[Site "Laprida"]
[Date "2018.07.28"]
[Round "11"]
[White "Villanueva, Mario"]
[Black "Paveto, Kevin"]
[Result "0-1"]
[WhiteElo "2481"]
[BlackElo "2416"]
[Annotator "ChessBase"]
[PlyCount "60"]
[EventDate "2018.07.17"]
[EventType "tourn"]
[EventCountry "ARG"]
[SourceTitle "playchess.com"]
[Source "ChessBase"]
[SourceQuality "1"]
[TimeControl "40/5400+30:1800+30"]

1. e4 e5 2. Nf3 Nc6 3. Bb5 a6 4. Ba4 Nf6 5. O-O b5 6. Bb3 Bb7 7. Re1 Bc5 8. c3 d6 9. d4 Bb6 10. Be3 O-O 11. d5 Na5 12. Bxb6 cxb6 13. Bc2 Bc8 14. Nbd2 Nc4 15. b3 Nxd2 16. Nxd2 Bg4 17. Qc1 Rc8 18. Bd3 Nh5 19. g3 f5 20. exf5 Nf6 21. c4 Nxd5 22. Qa3 b4 23. Qxa6 Ne7 24. Qb5 Rc5 25. Qxb4 Nc6 26. Qc3 Nd4 27. Re3 Qf6 28. Rf1 d5 29. Qa1 e4 30. Bb1 Ne2+ 0-1

[Event "93rd ARG-ch 2018"]
[Site "Laprida"]
[Date "2018.07.28"]
[Round "11"]
[White "Acosta, Pablo Ismael"]
[Black "Peralta, Fernando"]
[Result "1/2-1/2"]
[WhiteElo "2432"]
[BlackElo "2563"]
[Annotator "ChessBase"]
[PlyCount "82"]
[EventDate "2018.07.17"]
[EventType "tourn"]
[EventCountry "ARG"]
[SourceTitle "playchess.com"]
[Source "ChessBase"]
[SourceQuality "1"]
[TimeControl "40/5400+30:1800+30"]

1. d4 d5 2. c4 e6 3. Nf3 Nf6 4. g3 Bb4+ 5. Bd2 Be7 6. Bg2 O-O 7. O-O c6 8. Qc2 Nbd7 9. Bf4 b6 10. Rd1 Bb7 11. Nc3 Nh5 12. Bc1 f5 13. e3 Bd6 14. b3 Qe7 15. Bb2 Rac8 16. Rac1 Nhf6 17. Na4 dxc4 18. bxc4 c5 19. Qb3 Ne4 20. Ne1 h5 21. Nc3 Ndf6 22. Nb5 Bb8 23. Nd3 h4 24. Nf4 Qf7 25. d5 exd5 26. cxd5 Bxf4 27. Bxf6 hxg3 28. hxg3 Bxg3 29. fxg3 gxf6 30. Bxe4 fxe4 31. Nd6 Qc7 32. Nf5 Qe5 33. d6+ Kh8 34. Rf1 Bd5 35. Qd1 Rf7 36. Rf4 Rh7 37. Ne7 Qg5 38. Kg2 Be6 39. Nxc8 Bh3+ 40. Kf2 Bxc8 41. Kg2 Bh3+ 1/2-1/2

[Event "93rd ARG-ch 2018"]
[Site "Laprida"]
[Date "2018.07.28"]
[Round "11"]
[White "Lorenzini, Martin"]
[Black "Sosa, Tomas"]
[Result "0-1"]
[WhiteElo "2423"]
[BlackElo "2467"]
[Annotator "ChessBase"]
[PlyCount "80"]
[EventDate "2018.07.17"]
[EventType "tourn"]
[EventCountry "ARG"]
[SourceTitle "playchess.com"]
[Source "ChessBase"]
[SourceQuality "1"]
[TimeControl "40/5400+30:1800+30"]

1. e4 c5 2. Nf3 e6 3. c3 Nf6 4. e5 Nd5 5. g3 d6 6. exd6 Bxd6 7. Bg2 O-O 8. d4 a6 9. O-O b5 10. a4 Bb7 11. axb5 axb5 12. Rxa8 Bxa8 13. dxc5 Bxc5 14. b4 Bb6 15. Qe2 Qe8 16. Bd2 Nc7 17. Bf4 Qc6 18. Bxc7 Qxc7 19. Qxb5 Nd7 20. Qd3 Nf6 21. c4 Rd8 22. Qb3 Rb8 23. Nc3 Ng4 24. Nb5 Bxf2+ 25. Rxf2 Qb6 26. Qb2 Rd8 27. Nfd4 Bxg2 28. Rxg2 e5 29. c5 Qxb5 30. h3 Rxd4 31. hxg4 Rd1+ 32. Kh2 Qf1 33. Kh3 Qf6 34. g5 Rh1+ 35. Rh2 Qf5+ 36. Kh4 h5 37. gxh6 g5+ 38. Kh5 Qg6+ 39. Kg4 f5+ 40. Kf3 Qc6+ 0-1

[Event "93rd ARG-ch 2018"]
[Site "Laprida"]
[Date "2018.07.29"]
[Round "12"]
[White "Peralta, Fernando"]
[Black "Perez Ponsa, Federico"]
[Result "1/2-1/2"]
[WhiteElo "2563"]
[BlackElo "2547"]
[Annotator "TA"]
[PlyCount "46"]
[EventDate "2018.07.17"]
[EventType "tourn"]
[EventCountry "ARG"]
[SourceTitle "playchess.com"]
[Source "ChessBase"]
[SourceQuality "1"]

{[%evp 25,26,-7,-4]} 1. d4 Nf6 2. c4 g6 3. Nc3 Bg7 4. e4 d6 5. Nf3 O-O 6. Be2 e5 7. dxe5 dxe5 8. Qxd8 Rxd8 9. Bg5 Re8 10. Nd5 Nxd5 11. cxd5 c6 12. Bc4 cxd5 13. Bxd5 Nd7 {[#]} {Vorgänger:} 14. Nd2 $146 Nc5 15. O-O-O Be6 16. Bxe6 Nxe6 17. Be3 Bf8 18. Kb1 Bc5 19. Nc4 f6 20. Bxc5 Nxc5 21. f3 Rad8 22. Ne3 Kf7 23. Rxd8 Rxd8 {½-½ (32) Mirzoev,A (2541)-Zubov,A (2612) Konya 2017} 1/2-1/2

[Event "93rd ARG-ch 2018"]
[Site "Laprida"]
[Date "2018.07.29"]
[Round "12"]
[White "Villanueva, Mario"]
[Black "Acosta, Pablo Ismael"]
[Result "1/2-1/2"]
[WhiteElo "2481"]
[BlackElo "2432"]
[Annotator "TA"]
[PlyCount "30"]
[EventDate "2018.07.17"]
[EventType "tourn"]
[EventCountry "ARG"]
[SourceTitle "playchess.com"]
[Source "ChessBase"]
[SourceQuality "1"]

{[%evp 19,30,70,67,44,62,51,41,0,53,0,37,0,46]} 1. e4 c5 2. Nf3 a6 3. Nc3 b5 4. d4 cxd4 5. Nxd4 Bb7 6. Bd3 d6 {B28: Sizilianisch (Frühes a7-a6)} 7. O-O (7. Bg5 g6 8. Nd5 Bg7 9. c3 h6 10. Bh4 g5 11. Bg3 e6 12. Nb4 Nf6 13. Qe2 Qb6 14. h4 {½-½ (33) Antipov,M (2586)-Iturrizaga Bonelli,E (2671) Dubai 2017}) 7... g6 8. a4 Bg7 9. Be3 bxa4 10. Rxa4 Nf6 {LiveBook: 3 Partien} 11. Rb4 $146 ({Vorgänger:} 11. Nb3 O-O 12. Qe2 Nfd7 13. Rfa1 {½-½ (13) Manik,M (2404)-El Debs,F (2520) Prague 2014}) 11... Qc7 12. Rc4 Qd8 13. Rb4 Qc7 14. Rc4 Qd8 $1 15. Rb4 Qc7 1/2-1/2

[Event "93rd ARG-ch 2018"]
[Site "Laprida"]
[Date "2018.07.29"]
[Round "12"]
[White "Sosa, Tomas"]
[Black "Real De Azua, Ernesto"]
[Result "1/2-1/2"]
[WhiteElo "2467"]
[BlackElo "2496"]
[Annotator "TA"]
[PlyCount "56"]
[EventDate "2018.07.17"]
[EventType "tourn"]
[EventCountry "ARG"]
[SourceTitle "playchess.com"]
[Source "ChessBase"]
[SourceQuality "1"]

{[%evp 38,56,19,0,16,0,0,0,8,0,0,0,0,0,0,0,0,0,0,0,0]} 1. e4 e5 2. Nf3 Nc6 3. Bb5 a6 4. Ba4 Nf6 5. O-O Be7 6. Re1 b5 7. Bb3 d6 8. c3 O-O 9. h3 Nb8 10. d4 Nbd7 11. Nbd2 Bb7 12. Bc2 Re8 13. Nf1 Bf8 14. Ng3 g6 15. Bg5 h6 16. Bd2 Bg7 17. a4 Nb6 {C95: Closed Ruy Lopez: Breyer Variation with 10 d4} 18. b3 bxa4 19. bxa4 a5 20. Bd3 {LiveBook: 9 Games. The position is equal.} Ba6 21. Bxa6 Rxa6 22. Qb3 Qa8 23. d5 c6 {[%cal Rc6d5]} 24. c4 Rb8 {[%cal Rb6d5]} 25. Qa2 {[#]} Nbd7 $146 26. Be3 Rb4 27. Bd2 Rb8 28. Be3 Rb4 1/2-1/2

[Event "93rd ARG-ch 2018"]
[Site "Laprida"]
[Date "2018.07.29"]
[Round "12"]
[White "Paveto, Kevin"]
[Black "Lujan, Carolina"]
[Result "0-1"]
[WhiteElo "2416"]
[BlackElo "2329"]
[Annotator "TA"]
[PlyCount "98"]
[EventDate "2018.07.17"]
[EventType "tourn"]
[EventCountry "ARG"]
[SourceTitle "playchess.com"]
[Source "ChessBase"]
[SourceQuality "1"]

{[%evp 16,98,0,5,19,8,30,35,33,31,19,-43,-32,-30,-33,-44,-38,-37,-32,-23,-16,-42,-45,-74,-49,-52,-46,-47,-52,-41,-30,-57,-54,-118,-111,-120,-112,-125,-80,-122,-66,-120,-93,-151,-151,-147,-153,-158,-154,-156,-145,-168,-164,-166,-166,-160,-162,-157,-144,-227,-223,-241,-208,-264,-264,-275,-261,-331,-234,-229,-168,-216,-150,-389,-393,-405,1071,-934,-925,-777,-864,-827,-727,-696,-570]} 1. d4 Nf6 2. c4 g6 3. Nc3 d5 4. Bg5 Bg7 5. Bxf6 Bxf6 6. cxd5 c6 7. dxc6 {D80: Grünfeld: Unusual White 4th moves and 4 Bg5} (7. e4 O-O 8. Nf3 cxd5 9. e5 Bg7 10. Qd2 Nc6 11. Bb5 Bg4 12. Ng1 f6 13. h3 Be6 14. exf6 Rxf6 15. Bxc6 bxc6 {½-½ (77) Nakamura,H (2792)-Kasparov,G (2812) Saint Louis 2017}) 7... Bxd4 8. cxb7 Bxb7 9. Qb3 {LiveBook: 7 Games. The position is equal.} Qb6 10. e3 Bg7 $146 ({Predecessor:} 10... Bxc3+ 11. bxc3 O-O 12. Nf3 Nd7 13. Be2 {½-½ (13) Spacek,P (2408)-Kalod,R (2506) Czechia 2011}) 11. Bb5+ Nc6 {[%cal Bb8c6,Bc6a5,Ba5b3,Bb3a1,Ba1c2][%mdl 32]} 12. Nge2 {Threatens to win with Nd5.} O-O 13. Nd5 ({White should try} 13. O-O $11) 13... Na5 14. Nxb6 Nxb3 15. Nxa8 Nxa1 16. O-O Bxb2 17. Nc7 Rc8 18. Na6 Nc2 $36 {[%mdl 2048] White is under pressure.} 19. Rb1 Na3 20. Rxb2 {[#] And now Bd7 would win.} Nxb5 21. Nb4 a5 22. Nc2 Be4 23. Ne1 Nc3 24. Kf1 (24. Nxc3 $15 Rxc3 25. f3) 24... Bd5 $17 {White must now prevent ...Bc4.} 25. Nxc3 Rxc3 {[%mdl 4096] Endgame KRB-KRN} 26. Nc2 Be4 27. Nd4 Ra3 (27... Rc1+ $17 28. Ke2 Bxg2) 28. Ke2 (28. Nb3 $15) 28... Bd5 29. Nb3 ({Better is} 29. Nc2 Rxa2 30. Rxa2 Bxa2 31. Kd3) 29... Bxg2 30. f3 Bh3 31. Nd4 e5 32. Nb5 Ra4 33. Nc3 Rc4 34. Kd3 Bf1+ 35. Kd2 Rh4 36. Ke1 Bc4 37. a4 (37. Ne4 $17) 37... Rh3 $19 38. Rf2 Kg7 39. Kd2 f5 40. e4 fxe4 41. fxe4 Rd3+ 42. Kc2 Rd6 43. Rf3 Be6 44. Rd3 $2 {[#]} (44. Rf1 $17 {might work better.}) 44... Bb3+ $1 {[%mdl 512]} 45. Kd2 (45. Kxb3 Rxd3) 45... Kf6 $4 {[%mdl 8192]} (45... Rxd3+ $19 46. Kxd3 Kf6) 46. Ke3 $4 {[%mdl 8192]} (46. Rxd6+ $18 Ke7 47. Ra6) 46... Rxd3+ {Black is clearly winning.} 47. Kxd3 g5 48. Ke3 h5 49. h3 Ke6 {Precision: White = 40%, Black = 60%.} 0-1

[Event "93rd ARG-ch 2018"]
[Site "Laprida"]
[Date "2018.07.29"]
[Round "12"]
[White "Pierrot, Facundo"]
[Black "Pichot, Alan"]
[Result "1/2-1/2"]
[WhiteElo "2389"]
[BlackElo "2564"]
[Annotator "TA"]
[PlyCount "46"]
[EventDate "2018.07.17"]
[EventType "tourn"]
[EventCountry "ARG"]
[SourceTitle "playchess.com"]
[Source "ChessBase"]
[SourceQuality "1"]

{[%evp 16,46,31,31,34,18,29,16,35,0,0,0,0,-30,0,0,0,0,0,0,20,12,38,38,37,38,39,35,47,48,49,29,37]} 1. d4 Nf6 2. Nf3 g6 3. g3 Bg7 4. Bg2 O-O 5. O-O d6 6. Re1 Ne4 {A49: Königsindisch (ohne c2-c4)} (6... Nbd7 7. e4 e5 8. Nc3 Re8 9. h3 c6 10. a4 b6 11. Bg5 Bb7 12. Qd2 Qc7 13. Rad1 a6 14. dxe5 dxe5 15. Qd6 Qxd6 16. Rxd6 h6 17. Bxf6 Nxf6 18. Nd2 {½-½ (80) Kramnik,V (2792)-Grischuk,A (2766) Paris 2018}) 7. c3 c5 8. Nbd2 Nxd2 9. Bxd2 {LiveBook: 4 Partien} Qb6 10. Qb3 $146 ({Vorgänger:} 10. dxc5 dxc5 11. Qa4 Nc6 12. b3 Rd8 13. Rac1 {½-½ (13) Galkin,A (2598)-Mamedov,N (2587) Konya 2011}) 10... Nc6 {[%cal Rc5d4]} 11. Be3 Na5 12. Qxb6 (12. Qa4 {with more complications.} cxd4 13. Nxd4 Qd8 14. Qb4 a6 15. a4) 12... axb6 13. Nd2 Nc6 {[%cal Rc5d4]} 14. Nc4 Ra6 (14... cxd4 {looks sharper.} 15. cxd4 Ra6 16. Red1 Bf5 17. a4 Rd8) 15. d5 Na5 16. Nxa5 bxa5 17. a4 Bf5 18. Bg5 $36 {[%mdl 2048] Weiss hat Initiative.} Rb6 19. e4 Bd7 20. Ra2 ({Doch nicht} 20. Bxe7 Re8 $15) 20... e6 21. Bf1 Re8 {[#] Droht ...exd5 und aus.} 22. Bd2 f5 23. f3 fxe4 {Precision: Weiß = 55%, Schwarz = 72%.} 1/2-1/2

[Event "93rd ARG-ch 2018"]
[Site "Laprida"]
[Date "2018.07.29"]
[Round "12"]
[White "Benedetti, Julio"]
[Black "Lorenzini, Martin"]
[Result "0-1"]
[WhiteElo "2364"]
[BlackElo "2423"]
[Annotator "TA"]
[PlyCount "124"]
[EventDate "2018.07.17"]
[EventType "tourn"]
[EventCountry "ARG"]
[SourceTitle "playchess.com"]
[Source "ChessBase"]
[SourceQuality "1"]

{[%evp 25,124,15,47,32,70,27,29,13,12,13,19,0,35,42,92,73,102,87,66,0,118,44,52,54,56,61,62,56,41,54,54,0,0,0,77,11,6,6,26,22,58,8,8,-8,-18,-17,0,0,47,-8,-8,-6,-10,-8,-11,-177,-177,-517,-507,-506,-504,-486,-468,-485,-462,-1275,-943,-5997,-5124,-4739,-5499,-4980,-5057,-4087,-2534,-3279,-2704,-2122,-2063,-8649,-10867,-6953,-6283,-4597,-3228,-29974,-29975,-29970,-29977,-29976,-29977,-29981,-29980,-29980,-29980,-29983,-29984,-29984,-29985,-29985,-29986]} 1. e4 e5 2. Nf3 Nc6 3. Bc4 Bc5 4. d3 Nf6 5. O-O d6 6. c3 a6 7. Bb3 Ba7 8. Nbd2 {[%cal Bb1d2,Bd2f1,Bf1h2][%mdl 32]} O-O 9. Re1 Ne7 10. Nf1 Ng6 11. h3 Nh5 12. d4 Nhf4 {C54: Giuoco Piano: 4 c3 Nf6, main lines with 5 d4 and 5 d3} 13. Bxf4 (13. Ng3 Nh4 14. Bxf4 exf4 15. Nh5 c5 16. dxc5 Bxc5 17. Nxf4 Kh8 18. Nxh4 Qxh4 19. Qf3 Be6 20. Bd5 {0-1 (63) Ganguly,S (2668)-Aronian,L (2785) Doha 2016}) 13... exf4 {LiveBook: 6 Games} 14. Qd2 Be6 {White is slightly better.} 15. N1h2 Re8 16. Re2 $146 ({Predecessor:} 16. Bc2 Qf6 17. e5 dxe5 18. dxe5 Qd8 19. Bxg6 Qxd2 20. Bxh7+ Kxh7 21. Nxd2 {½-½ (41) Skuhala,B (1930)-Orehek,S (2083) Otocec 2016}) 16... Bxb3 17. axb3 c5 18. Rae1 Qb6 19. h4 {h5 is the strong threat.} h5 20. e5 dxe5 21. dxe5 Qxb3 {[#]} 22. e6 $1 {[%mdl 512]} Rxe6 (22... f6 $1 $11) 23. Rxe6 (23. Ng5 $1 $16 {[%cal Rg5e6]} Rxe2 24. Qxe2) 23... fxe6 $14 24. Ne5 Nxe5 25. Rxe5 Bb6 {Hoping for ...Rd8.} 26. Qe2 Rd8 {And now ...Qd1+ would win.} 27. Nf1 Qb5 {Threatens to win with ...Qxe2.} 28. c4 (28. Qxh5 $14 Qd7 29. Qe2) 28... Qd7 $11 29. Rxe6 f3 (29... Ba5 $11) 30. gxf3 (30. Qe4 $1 $16 fxg2 31. Ne3) 30... Bc7 31. Qe4 {White wants to play Ne3.} Rf8 32. Ne3 Bd8 ({Of course not} 32... Qd2 $6 33. Qxb7 Bd8 34. Qe4 $16 (34. Rxa6 Bxh4 35. Qd5+ Qxd5 $17)) 33. Re5 Qd4 $1 34. Rd5 $132 {[%mdl 2048] White has counterplay} Qxe4 35. fxe4 Bxh4 {[%mdl 4096] Endgame KRB-KRN} 36. Nf5 Bg5 {[#]} 37. Rxc5 ({Better is} 37. Nxg7 $1 $14 {[%mdl 512]} Kxg7 38. Rxg5+ Kh6 39. Rxc5) 37... g6 38. Nd4 Bh4 39. f3 Rd8 40. Rd5 $2 {[#]} (40. Ne6 $1 $11 {and White has nothing to worry.} Rd6 41. Rc8+ Kf7 42. Nf4) 40... Rxd5 $1 $19 41. cxd5 $2 {KB-KN} (41. exd5 Bf6 42. Ne6) 41... Bf6 42. Ne6 Bxb2 43. d6 Bf6 44. d7 b5 {[%cal Bb7b5,Bb5b4,Bb4b3,Bb3b2][%mdl 32]} 45. d8=Q+ (45. Kg2 $142 a5 46. e5) 45... Bxd8 46. Nxd8 {KN-KP} b4 47. Nc6 b3 48. Ne7+ Kf7 49. Nd5 b2 50. Nc3 {[#]} g5 $1 51. Kf2 Kf6 52. Kg3 Ke5 53. Nb1 a5 54. Na3 a4 55. Nb1 {[#]} g4 $1 {[%mdl 512] Black mates.} 56. Nd2 (56. fxg4 hxg4) 56... gxf3 57. Kxf3 {KN-K3P} Kd4 58. e5 Kxe5 59. Ke3 h4 {[%cal Bh5h4,Bh4h3][%mdl 32]} 60. Kd3 h3 61. Kc2 Kf4 62. Nf1 a3 {Precision: White = 33%, Black = 75%.} 0-1

[Event "93rd ARG-ch 2018"]
[Site "Laprida"]
[Date "2018.07.29"]
[Round "12"]
[White "Gomez, Carlos David"]
[Black "Slipak, Sergio"]
[Result "0-1"]
[WhiteElo "2356"]
[BlackElo "2411"]
[Annotator "TA"]
[PlyCount "74"]
[EventDate "2018.07.17"]
[EventType "tourn"]
[EventCountry "ARG"]
[SourceTitle "playchess.com"]
[Source "ChessBase"]
[SourceQuality "1"]

{[%evp 10,74,54,31,33,31,32,33,36,45,39,24,29,14,20,9,12,14,4,0,0,-8,0,0,17,8,22,-6,18,18,24,17,26,-6,-7,0,0,-19,-16,-54,-37,-55,-41,-160,-168,-391,-418,-404,-396,-474,-466,-685,-599,-601,-564,-677,-585,-578,-481,-479,-484,-471,-481,-478,-473,-429,-385]} 1. e4 d5 2. exd5 Qxd5 3. Nc3 Qd8 4. d4 Nf6 5. Bc4 a6 6. a4 {LiveBook: 11 Games. B01: Scandinavian Defence} (6. Bg5 h6 7. Bxf6 exf6 8. Nf3 Bb4 9. O-O Bxc3 10. bxc3 O-O 11. Re1 Nc6 12. Nh4 Na5 13. Bd3 {1-0 (21) Nakamura,H (2789)-Shaw,J (2454) Baku 2016}) 6... e6 7. Nf3 Be7 8. O-O {White is slightly better.} Nc6 9. Re1 O-O 10. h3 Nb4 $146 ({Predecessor:} 10... b6 11. d5 Na5 12. Ba2 Bb4 13. Bd2 exd5 14. Nxd5 Nxd5 15. Bxd5 Bxd2 16. Qxd2 {1-0 (53) Nowak,I (2070)-Schild,R (2020) LSS email 2014}) 11. Ne2 b6 12. Ne5 Bb7 13. Nf4 Nbd5 14. Nh5 Nxh5 15. Qxh5 Nf6 16. Qd1 b5 17. Be2 b4 18. Bg5 Nd5 19. Bxe7 Qxe7 20. a5 Rfd8 21. Bf3 c5 22. dxc5 Qxc5 23. Nd3 Qc7 24. Qc1 h6 25. Ra4 Rac8 26. Bxd5 ({White should try} 26. Ne5 $15) 26... Rxd5 $17 27. Qf4 $2 {[#]} (27. Nxb4 Rg5 28. g4) 27... b3 $1 $19 {[%cal Bb4b3,Bb3c2][%mdl 32]} 28. Qxc7 Rxc7 29. Ra3 bxc2 {Black is clearly winning.} 30. Nc1 (30. Kh2 $142 Rd4 31. f3) 30... Rcd7 31. Rae3 Rxa5 32. Kf1 Rd1 33. R3e2 Ra1 34. Rxc2 {[#]} Bxg2+ $1 {[%mdl 512]} 35. Ke2 (35. Kxg2 Rxe1) 35... Rxe1+ 36. Kxe1 Bxh3 37. Kd2 Ra5 {Precision: White = 27%, Black = 69%.} 0-1